000 01119cab a2200265 4500
001 ABS68833
008 050314n2005 000 0 eng u
035 _a(Sirsi) u129043
100 _aMenary, S.
245 _aNational upswing
260 _c2005
490 _aHouse Builder
_v64(2) March 2005, 27-31(3)
520 _aReports on the latest Emap Glenigan survey of who is building where for the fourth quarter 2004. 2004 as a whole saw a major resurgence in submission levels providing evidence of a large increase in starts being planned across Britain. East Anglia topped the list in 2004 with submissions up 213% on 2003 and Wales was bottom with only a 15% increase over 2003. Provides region-by-region commentary and presents top 10 house builder tables for all regions including Northern Ireland, Scotland and Wales.
590 _aABS
650 _aHOUSE BUILDERS
650 _aNEW HOUSES
650 _aENGLAND
650 _aWALES
650 _aSCOTLAND
650 _aNORTHERN IRELAND
650 _aPLANNING APPLICATIONS
650 _aRANKINGS
690 _aHOUSING-DEVELOPMENT
942 _n0
999 _c74913
_d74913